[Event "Landesliga Nord 1617"]
[Site "Bayern"]
[Date "2016.12.04"]
[Round "3.5"]
[White "Stephan, Michael"]
[Black "Nuding, Matthias"]
[Result "1-0"]
[WhiteElo "1991"]
[BlackElo "2069"]
[PlyCount "97"]
[EventDate "2016.10.16"]
[EventType "team-tourn"]
[EventRounds "9"]
[EventCountry "GER"]
[SourceTitle "EXT 2019"]
[Source "ChessBase"]
[SourceDate "2018.10.10"]
[SourceVersion "1"]
[SourceVersionDate "2018.10.10"]
[SourceQuality "1"]
[WhiteTeam "Forchheim II"]
[BlackTeam "Nuernberg NT II"]
[WhiteTeamCountry "GER"]
[BlackTeamCountry "GER"]

1. e4 d6 2. d4 Nf6 3. Nc3 e5 4. Nf3 Nbd7 5. Bc4 Be7 6. 0-0 0-0 7. h3 c6 8. Qe2 b5 9. Bb3 Bb7 10. dxe5 dxe5 11. Re1 Qc7 12. Bg5 Nc5 13. Qe3 Ne6 14. Bxe6 fxe6 15. Bh4 Bd6 16. Bg3 Nh5 17. Bh2 Nf4 18. Ne2 Qe7 19. Qb3 Rae8 20. a4 a6 21. Nxf4 exf4 22. e5 Bc5 23. Re4 g5 24. Re2 h5 25. Nd2 Rf5 26. Rae1 Kh8 27. Ne4 Rd8 28. Nxc5 Qxc5 29. Qxe6 Qf8 30. Qg6 Qf7 31. Qxf7 Rxf7 32. e6 Re7 33. Re5 Rd2 34. Rxg5 Rxe6 35. Kf1 Rxe1+ 36. Kxe1 Rxc2 37. Bxf4 bxa4 38. Rxh5+ Kg7 39. Be5+ Kg6 40. Rh4 Kf5 41. Bg7 a3 42. bxa3 c5 43. g3 Bc6 44. Rf4+ Ke6 45. h4 Ra2 46. h5 Bb5 47. h6 Bd3 48. Rf3 Bh7 49. Rf6+ 1-0

[Event "Landesliga Nord 1516"]
[Site "Bayern"]
[Date "2016.01.17"]
[Round "5.8"]
[White "Krauseneck, Peter"]
[Black "Stephan, Michael"]
[Result "0-1"]
[WhiteElo "2144"]
[BlackElo "1991"]
[PlyCount "76"]
[EventDate "2015.10.11"]
[EventType "team-tourn"]
[EventRounds "9"]
[EventCountry "GER"]
[SourceTitle "EXT 2018"]
[Source "ChessBase"]
[SourceDate "2017.10.13"]
[SourceVersion "1"]
[SourceVersionDate "2017.10.13"]
[SourceQuality "1"]
[WhiteTeam "Bamberg SC"]
[BlackTeam "Forchheim II"]
[WhiteTeamCountry "GER"]
[BlackTeamCountry "GER"]

1. d4 Nf6 2. Nc3 c5 3. d5 d6 4. e4 g6 5. Bf4 Bg7 6. Qd2 Na6 7. f3 Nc7 8. Bh6 0-0 9. h4 e6 10. h5 exd5 11. Bxg7 Kxg7 12. hxg6 fxg6 13. exd5 b5 14. 0-0-0 Rb8 15. Qh6+ Kg8 16. Bd3 Qe7 17. g4 Qg7 18. Qh2 c4 19. Be2 b4 20. Ne4 c3 21. Qxd6 cxb2+ 22. Kb1 Nxe4 23. fxe4 Rb6 24. Qh2 Ba6 25. e5 Bxe2 26. Nxe2 Nb5 27. Rd3 Na3+ 28. Kxb2 Nc4+ 29. Kb1 Nxe5 30. Rb3 Nxg4 31. Qh4 Ne5 32. Rbh3 h5 33. Rd1 Rc8 34. Rd4 Rf8 35. Rd1 Nf3 36. Qc4 Nd2+ 37. Rxd2 Rf1+ 38. Nc1 Rxc1+ 0-1

[Event "GER-chT U20"]
[Site "Osnabrueck"]
[Date "2015.12.29"]
[Round "5.3"]
[White "Stephan, Michael"]
[Black "Leeb, Simon"]
[Result "1-0"]
[WhiteElo "1924"]
[BlackElo "2065"]
[PlyCount "42"]
[EventDate "2015.12.27"]
[EventType "team-swiss"]
[EventRounds "7"]
[EventCountry "GER"]
[SourceTitle "EXT 2017"]
[Source "ChessBase"]
[SourceDate "2016.10.25"]
[SourceVersion "1"]
[SourceVersionDate "2016.10.25"]
[SourceQuality "1"]
[WhiteTeam "Forchheim"]
[BlackTeam "Muenchen Suedost"]
[WhiteTeamCountry "GER"]
[BlackTeamCountry "GER"]

1. e4 c5 2. d4 cxd4 3. c3 dxc3 4. Nxc3 Nc6 5. Nf3 a6 6. Bc4 e6 7. 0-0 Qc7 8. Nd5 exd5 9. exd5 Nd8 10. Re1+ Ne6 11. Qd4 Ne7 12. dxe6 dxe6 13. Bf4 Qd8 14. Qe4 Bd7 15. Rad1 Qc8 16. Rxd7 Qxd7 17. Ne5 f5 18. Qe2 Qd4 19. Bxe6 Qxf4 20. Qd3 Nd5 21. Qxd5 Rd8 1-0

[Event "Bayernliga U20 1415"]
[Site "Bayern"]
[Date "2015.03.21"]
[Round "7.3"]
[White "Herrmann, Luca"]
[Black "Stephan, Michael"]
[Result "0-1"]
[WhiteElo "1943"]
[BlackElo "1991"]
[PlyCount "60"]
[EventDate "2014.11.15"]
[EventType "team-tourn"]
[EventRounds "7"]
[EventCountry "GER"]
[SourceTitle "EXT 2022"]
[Source "ChessBase"]
[SourceDate "2021.10.06"]
[SourceVersion "1"]
[SourceVersionDate "2021.10.06"]
[SourceQuality "1"]
[WhiteTeam "Muenchen Tarrasch U20"]
[BlackTeam "Forchheim SC U20"]
[WhiteTeamCountry "GER"]
[BlackTeamCountry "GER"]

1. d4 Nf6 2. c4 e6 3. g3 Be7 4. Bg2 d5 5. Nf3 b6 6. 0-0 0-0 7. Ne5 Bb7 8. Nc3 Nbd7 9. cxd5 exd5 10. Nd3 Re8 11. Bf4 Nf8 12. Rc1 Ng6 13. Bxc7 Qxc7 14. Nxd5 Qb8 15. Nc7 Bxg2 16. Kxg2 Qb7+ 17. Kg1 Bd6 18. Nxa8 Qxa8 19. e3 Ne4 20. Qc2 Ne7 21. Rfd1 Ng5 22. h4 Nf3+ 23. Kf1 Nh2+ 24. Kg1 Nf3+ 25. Kf1 g5 26. h5 Bxg3 27. fxg3 Nf5 28. Qc6 Nxe3+ 29. Kf2 Nxd1+ 30. Kxf3 Re3+ 0-1

[Event "GER-chT U20"]
[Site "Osnabrueck"]
[Date "2013.12.29"]
[Round "5.4"]
[White "Wanner, Lukas"]
[Black "Stephan, Michael"]
[Result "0-1"]
[WhiteElo "1790"]
[BlackElo "1884"]
[PlyCount "116"]
[EventDate "2013.12.27"]
[EventType "team-swiss"]
[EventRounds "7"]
[EventCountry "GER"]
[SourceTitle "EXT 2015"]
[Source "ChessBase"]
[SourceDate "2014.11.20"]
[SourceVersion "1"]
[SourceVersionDate "2014.11.20"]
[SourceQuality "1"]
[WhiteTeam "Kiel Doppelbauer"]
[BlackTeam "Forchheim"]
[WhiteTeamCountry "GER"]
[BlackTeamCountry "GER"]

1. d4 Nf6 2. Nf3 b6 3. e3 Bb7 4. Bd3 g6 5. Nbd2 c5 6. 0-0 Bg7 7. b3 0-0 8. Bb2 d6 9. c4 Nbd7 10. Re1 Re8 11. Nf1 Qc7 12. Rc1 Rad8 13. Qe2 h6 14. Bb1 Nh7 15. h4 Ndf8 16. e4 e5 17. dxe5 dxe5 18. Ne3 Ne6 19. Nd5 Qb8 20. h5 Nd4 21. Qe3 Qd6 22. hxg6 fxg6 23. Bd3 Nf6 24. Bf1 Rf8 25. Rcd1 Qe6 26. Rd2 Rf7 27. Nh2 Rdf8 28. f3 Nh5 29. b4 Kh7 30. bxc5 bxc5 31. Ba3 Qc8 32. Rb1 Nf4 33. Rdb2 h5 34. Qe1 Bh6 35. Kh1 Nfe6 36. Bd3 Bc6 37. Qa5 Qd8 38. Qxd8 Rxd8 39. Nf1 Rff8 40. Bc2 Rc8 41. Nfe3 Rf7 42. Nd1 g5 43. N1e3 h4 44. Nf5 Nxc2 45. Rxc2 Nd4 46. Nxd4 cxd4 47. Rcb2 g4 48. fxg4 Rg8 49. Ne7 Rxe7 50. Bxe7 Bxe4 51. Re1 Rxg4 52. Kh2 Bf4+ 53. Kh3 Bf5 54. Bb4 Rg6+ 55. g4 Rxg4 56. Ree2 Rg3+ 57. Kh2 Rg4+ 58. Kh3 Rg6+ 0-1

[Event "Bayernliga U20 1314"]
[Site "Bayern"]
[Date "2013.11.30"]
[Round "2.4"]
[White "Stephan, Michael"]
[Black "Fritsch, Julian"]
[Result "1-0"]
[WhiteElo "1991"]
[BlackElo "1552"]
[PlyCount "45"]
[EventDate "2013.11.16"]
[EventType "team-tourn"]
[EventRounds "7"]
[EventCountry "GER"]
[SourceTitle "EXT 2022"]
[Source "ChessBase"]
[SourceDate "2021.10.06"]
[SourceVersion "1"]
[SourceVersionDate "2021.10.06"]
[SourceQuality "1"]
[WhiteTeam "Forchheim SC U20"]
[BlackTeam "Kelheim SK U20"]
[WhiteTeamCountry "GER"]
[BlackTeamCountry "GER"]

1. e4 d6 2. d4 Nf6 3. Nc3 g6 4. Be3 Bg7 5. f3 0-0 6. Qd2 a6 7. a4 e5 8. d5 c6 9. dxc6 Nxc6 10. 0-0-0 Nd4 11. Nge2 b5 12. Nxd4 exd4 13. Bxd4 bxa4 14. Nxa4 Bd7 15. Nb6 Rb8 16. Nxd7 Qxd7 17. Qa5 Rfc8 18. Bc3 Rc5 19. Qxc5 Qa4 20. Qa5 Bh6+ 21. Kb1 Nxe4 22. fxe4 Rxb2+ 23. Kxb2 1-0

[Event "GER-ch Net qual4 U18"]
[Site "Playchess.com INT"]
[Date "2012.09.12"]
[Round "6"]
[White "Stephan, Michael"]
[Black "Mueller, Nick"]
[Result "0-1"]
[WhiteElo "1724"]
[BlackElo "2123"]
[PlyCount "64"]
[EventDate "2012.09.12"]
[EventType "swiss (blitz)"]
[EventRounds "7"]
[EventCountry "GER"]
[SourceTitle "CBM 150 Extra"]
[Source "ChessBase"]
[SourceDate "2012.10.19"]
[SourceVersion "1"]
[SourceVersionDate "2012.10.19"]
[SourceQuality "1"]

1. e4 e5 2. Nf3 Nc6 3. Bb5 a6 4. Ba4 Nf6 5. 0-0 Be7 6. Re1 b5 7. Bb3 d6 8. h3 0-0 9. c3 Nb8 10. d4 Nbd7 11. Nbd2 Bb7 12. d5 c6 13. Nf1 Nc5 14. dxc6 Bxc6 15. Bd5 Qc7 16. Ng3 Nxd5 17. exd5 Bd7 18. Ne4 Nxe4 19. Rxe4 f5 20. Re2 Bf6 21. Bg5 a5 22. Bxf6 Rxf6 23. Rc2 f4 24. c4 Bf5 25. Rc3 bxc4 26. Rac1 Qb6 27. Rxc4 Qxb2 28. Qa4 Bd3 29. Rc8+ Rf8 30. Qd7 Bf5 31. Rxf8+ Rxf8 32. Qc7 Rc8 0-1

[Event "Mittelfranken-chTB2b 1112"]
[Site "Germany"]
[Date "2012.02.05"]
[Round "6.4"]
[White "Stephan, Michael"]
[Black "Linkies, Michael"]
[Result "1/2-1/2"]
[WhiteElo "1832"]
[BlackElo "1680"]
[PlyCount "37"]
[EventDate "2011.09.25"]
[EventType "team-tourn"]
[EventRounds "9"]
[EventCountry "GER"]
[SourceTitle "EXT 2013"]
[Source "ChessBase"]
[SourceDate "2012.11.22"]
[SourceVersion "1"]
[SourceVersionDate "2012.11.22"]
[SourceQuality "1"]
[WhiteTeam "Forchheim III"]
[BlackTeam "Lauf II"]
[WhiteTeamCountry "GER"]
[BlackTeamCountry "GER"]

1. e4 c5 2. Nf3 d6 3. d4 cxd4 4. Nxd4 Nf6 5. Nc3 a6 6. Bg5 e6 7. f4 Be7 8. Qd3 Qc7 9. 0-0-0 h6 10. Bxf6 Bxf6 11. g4 Be7 12. h4 Nc6 13. Bg2 Bd7 14. g5 hxg5 15. hxg5 0-0-0 16. Nxc6 Bxc6 17. Rh3 Rde8 18. Rdh1 Qd8 19. Kb1 1/2-1/2

[Event "GER-chT U20"]
[Site "Osnabrueck"]
[Date "2011.12.29"]
[Round "5.3"]
[White "Hobusch, Jan"]
[Black "Stephan, Michael"]
[Result "0-1"]
[WhiteElo "2062"]
[BlackElo "1832"]
[PlyCount "96"]
[EventDate "2011.12.27"]
[EventType "team-swiss"]
[EventRounds "7"]
[EventCountry "GER"]
[SourceTitle "CBM 146 Extra"]
[Source "ChessBase"]
[SourceDate "2012.02.29"]
[SourceVersion "1"]
[SourceVersionDate "2012.02.29"]
[SourceQuality "1"]
[WhiteTeam "Solingen"]
[BlackTeam "Forchheim"]
[WhiteTeamCountry "GER"]
[BlackTeamCountry "GER"]

1. e4 e5 2. Nf3 Nc6 3. Bb5 a6 4. Bxc6 dxc6 5. Nc3 Bd6 6. d4 exd4 7. Qxd4 f6 8. Be3 Qe7 9. 0-0-0 Bd7 10. Rhe1 c5 11. Qd2 0-0-0 12. Kb1 Qf7 13. Nd5 Ne7 14. Nxe7+ Qxe7 15. Bf4 Bc6 16. Bxd6 cxd6 17. Qf4 Rd7 18. Nd2 Rhd8 19. Nc4 Kc7 20. f3 b5 21. Ne3 Qe5 22. Qh4 d5 23. c3 dxe4 24. Rxd7+ Rxd7 25. f4 Qd6 26. Rd1 Qe7 27. f5 Rxd1+ 28. Nxd1 Qd6 29. Kc1 Qd3 30. Qf2 Kb6 31. b4 Qc4 32. Kb2 Bd5 33. Kb1 Kc6 34. bxc5 Qxc5 35. Qd4 Qxd4 36. cxd4 Bc4 37. Ne3 Bd3+ 38. Kb2 g6 39. fxg6 hxg6 40. h4 b4 41. Kc1 f5 42. g3 a5 43. Kd2 a4 44. d5+ Kd6 45. Nxf5+ gxf5 46. h5 Ke5 47. d6 Bb5 48. h6 Kf6 0-1

[Event "GER-chT U20"]
[Site "Osnabrueck"]
[Date "2011.12.29"]
[Round "6.3"]
[White "Stephan, Michael"]
[Black "Wierum, Colin"]
[Result "1/2-1/2"]
[WhiteElo "1832"]
[BlackElo "1892"]
[PlyCount "31"]
[EventDate "2011.12.27"]
[EventType "team-swiss"]
[EventRounds "7"]
[EventCountry "GER"]
[SourceTitle "CBM 146 Extra"]
[Source "ChessBase"]
[SourceDate "2012.02.29"]
[SourceVersion "1"]
[SourceVersionDate "2012.02.29"]
[SourceQuality "1"]
[WhiteTeam "Forchheim"]
[BlackTeam "Hagen"]
[WhiteTeamCountry "GER"]
[BlackTeamCountry "GER"]

1. e4 c5 2. Nf3 Nc6 3. d4 cxd4 4. Nxd4 g6 5. Nc3 Bg7 6. Be3 Nf6 7. Bc4 0-0 8. 0-0 Nxe4 9. Nxe4 d5 10. Nxc6 bxc6 11. Bd3 dxe4 12. Bxe4 Qc7 13. c3 Be6 14. Qa4 Bd5 15. Rad1 Rfd8 16. g3 1/2-1/2